00483nam a2200157Ia 450000500170000000800410001708200130005810000200007124500300009126000440012130000130016550000270017894200060020595200990021199900150031020250313145245.0240331s9999 xx 000 0 und d bGANa894 aGanesalingam, S 0aUlaga santhaiyil oru penn aVadapalanibMaanvizhi pathippagamc1996 a176 p ., aA Women's Based novel cL 001040708LaWERCLbWERCLcSSCd2024-03-31l0o 894.811 GANp4502r2024-03-31w2024-03-31yL c3755d3755